Highest HDI Countries with Exceptions - Statistics

General Stats
  • This quiz has been taken 62,980 times
    24,557 since last reset
  • The average score is 16 of 21
Answer Stats
HDI Country % Correct
0.921 United States
98%
0.936 Canada
97%
0.925 Japan
96%
0.951 Australia
95%
0.937 New Zealand
94%
0.925 South Korea
92%
0.939 Singapore
88%
0.911 United Arab Emirates
83%
0.855 Qatar
82%
0.875 Saudi Arabia
79%
0.919 Israel
77%
0.916 Taiwan
75%
0.875 Bahrain
73%
0.842 Argentina
72%
0.831 Kuwait
72%
0.855 Chile
70%
0.816 Oman
67%
0.838 Turkey
66%
0.829 Brunei
55%
0.812 Bahamas
48%
0.896 Cyprus
48%
No matching quizzes found
Score Distribution
Percent of People with Each Score
Percentile by Number Answered
Your Score History
You have not taken this quiz since the last reset